| 000 | 00960nam a2200241Ia 4500 | ||
|---|---|---|---|
| 003 | Ost | ||
| 005 | 20260507074959.0 | ||
| 008 | 260507s9999||||xx |||||||||||||| ||und|| | ||
| 020 | _a9953297983 | ||
| 040 | _cfsecg | ||
| 041 | _aara | ||
| 082 | _a332 | ||
| 100 |
_aمحمد، حسام الدين _eمؤلف |
||
| 245 | 0 |
_aألف باء بورصة : _bخبرات مالية وشرعية / _c حسام الدين محمد |
|
| 260 |
_aبيروت: _bالدار العربية للعلوم, _c2006 |
||
| 300 |
_a174 صفحة؛ _bإيضاحات ؛ _c24 سم |
||
| 520 | _aألف باء البورصة،نصائح وخبرات للتداول،الضوابط الشرعية للتعامل مع البورصة،أبرز فتاوى البورصة،البورصة..سوج | ||
| 653 | _aالاستثمار | ||
| 653 | _aالأوراق المالية | ||
| 653 | _aالبورصات | ||
| 700 |
_aالعطارن حامد _eمؤلف ثانوي |
||
| 942 | _cكتاب | ||
| 999 |
_c42052 _d42052 |
||